Dioses, tumbas y sabios (Record no. 42645)

MARC details
000 -LEADER
campo de control de longitud fija 00720nam a2200205 i 4500
001 - NÚMERO DE CONTROL
campo de control 42645
003 - IDENTIFICADOR DE NÚMERO DE CONTROL
campo de control ES-MaACL
005 - FECHA Y HORA DE LA ÚLTIMA TRANSACCIÓN
campo de control 20250831121908.0
007 - CAMPO FIJO DE DESCRIPCIÓN FÍSICA--INFORMACIÓN GENERAL
campo de control de longitud fija t|
008 - DATOS DE LONGITUD FIJA--INFORMACIÓN GENERAL
campo de control de longitud fija 030313s1953 sp ||||1| spa d
100 1# - ENTRADA PRINCIPAL--NOMBRE DE PERSONA
Nombre de persona Ceram, C. W.
9 (RLIN) 37441
245 10 - MENCIÓN DEL TÍTULO
Título Dioses, tumbas y sabios
Resto del título : la novela de la Arqueología /
Mención de responsabilidad, etc. C. W. Ceram ; prólogo de Luis Pericot ; [traducción del alemán por Manuel Tamayo].
250 ## - MENCION DE EDICION
Mención de edición 1ª ed.
260 ## - PUBLICACIÓN, DISTRIBUCIÓN, ETC.
Lugar de publicación, distribución, etc. Barcelona :
Nombre del editor, distribuidor, etc. Destino,
Fecha de publicación, distribución, etc. [1953] (
Fabricante Agustín Núñez)
300 ## - DESCRIPCIÓN FÍSICA
Extensión 431 p., 32 lám. :
Otras características físicas il. ;
Dimensiones 25 cm.
700 1# - ENTRADA AGREGADA--NOMBRE PERSONAL
Nombre de persona Pericot, Luis,
Fechas asociadas al nombre 1899-1978
9 (RLIN) 91262
700 1# - ENTRADA AGREGADA--NOMBRE PERSONAL
Nombre de persona Tamayo, Manuel,
Fechas asociadas al nombre 1917-1977
9 (RLIN) 160966
852 ## - LOCALIZACIÓN
Ubicación ES-MaACL
Número de control de estantería B-4690
Sublocalización o colección R.35622
Holdings
Estatus retirado Estado de pérdida Estado de daño No para préstamo Biblioteca de origen Biblioteca actual Ubicación en estantería Fecha de adquisición Fuente de adquisición Total de préstamos Signatura topográfica completa Código de barras Visto por última vez Precio de reemplazo Tipo de ítem Koha
        Biblioteca del Ateneo de Madrid Biblioteca del Ateneo de Madrid Sala Pardo Bazán 17/01/2008     B-4690 1044890 23/02/2023 23/02/2023 Libro impreso